"American Idiot" Green Day fill in the lyrics - Statistics

General Stats
  • This quiz has been taken 182 times
  • The average score is 15 of 18
Answer Stats
Lyric % Correct
Don't wanna be an American {idiot}
100%
Don't wanna be an American {idiot}
100%
I'm not a part of a redneck {agenda}
92%
One nation controlled by the {media}
91%
And can you hear the sound of {hysteria}?
90%
Well, maybe I'm the faggot, {America}
90%
{Welcome} to a new kind of tension
88%
All {across} the alienation
86%
We're not the ones who're meant to {follow}
85%
Now everybody, do the {propaganda}
84%
Don't want a {nation} under the new mania
83%
Where everything isn't meant to be {okay}
83%
And sing along to the age of {paranoia}
81%
The {subliminal} mindfuck America
76%
In {television} dreams of tomorrow
71%
For that's enough to {argue}
66%
{Information} age of hysteria
58%
It's {calling} out to idiot America
53%
No matching quizzes found
Score Distribution
Percent of People with Each Score
Percentile by Number Answered
Your Score History
You have not taken this quiz